[Event "ODJM B 2024"]
[Site "Willingen GER"]
[Date "2024.05.25"]
[Round "9"]
[White "Eitel, Luc"]
[Black "Ott, Claudius"]
[Result "1/2-1/2"]
[Termination "normal"]
[Board "25"]
[WhiteElo "1734"]
[BlackElo "1674"]
[WhiteClock "00:16:25"]
[BlackClock "00:27:41"]
[PlyCount "125"]
[WhiteFideId "16299728"]
[BlackFideId "34621024"]
[EventCountry "GER"]
[EventRounds "9"]
[EventType "swiss"]
[EventDate "2024.05.18"]

1. e4 {[%clk 01:30:55]} {[%emt 00:00:03]} c5 {[%clk 01:30:45]} {[%emt
00:00:16]} 2. Nf3 {[%clk 01:31:20]} {[%emt 00:00:06]} d6 {[%clk 01:31:10]}
{[%emt 00:00:05]} 3. d4 {[%clk 01:31:46]} {[%emt 00:00:04]} cxd4 {[%clk
01:31:37]} {[%emt 00:00:03]} 4. Nxd4 {[%clk 01:32:09]} {[%emt 00:00:06]} Nf6
{[%clk 01:32:04]} {[%emt 00:00:04]} 5. Nc3 {[%clk 01:32:28]} {[%emt 00:00:11]}
g6 {[%clk 01:32:26]} {[%emt 00:00:07]} 6. Be3 {[%clk 01:32:52]} {[%emt
00:00:06]} Bg7 {[%clk 01:32:45]} {[%emt 00:00:11]} 7. f3 {[%clk 01:33:15]}
{[%emt 00:00:07]} Nc6 {[%clk 01:32:46]} {[%emt 00:00:29]} 8. Bc4 {[%clk
01:32:56]} {[%emt 00:00:49]} O-O {[%clk 01:33:01]} {[%emt 00:00:15]} 9. Qd2
{[%clk 01:33:22]} {[%emt 00:00:05]} Nxd4 {[%clk 01:33:21]} {[%emt 00:00:10]}
10. Bxd4 {[%clk 01:33:14]} {[%emt 00:00:38]} Be6 {[%clk 01:33:40]} {[%emt
00:00:11]} 11. Bxe6 {[%clk 01:30:36]} {[%emt 00:03:08]} fxe6 {[%clk 01:34:02]}
{[%emt 00:00:07]} 12. O-O-O {[%clk 01:19:22]} {[%emt 00:11:44]} Qa5 {[%clk
01:33:58]} {[%emt 00:00:34]} 13. h4 {[%clk 01:13:40]} {[%emt 00:06:12]} b5
{[%clk 01:33:25]} {[%emt 00:01:03]} 14. Kb1 {[%clk 01:12:02]} {[%emt 00:02:08]}
b4 {[%clk 01:33:37]} {[%emt 00:00:18]} 15. Ne2 {[%clk 01:12:11]} {[%emt
00:00:21]} Qb5 {[%clk 01:32:38]} {[%emt 00:01:29]} 16. Bxf6 {[%clk 01:10:09]}
{[%emt 00:02:32]} Rxf6 {[%clk 01:31:12]} {[%emt 00:01:55]} 17. Nd4 {[%clk
01:10:30]} {[%emt 00:00:10]} Qc4 {[%clk 01:29:36]} {[%emt 00:02:06]} 18. Qd3
{[%clk 01:05:36]} {[%emt 00:05:24]} Qxd3 {[%clk 01:28:52]} {[%emt 00:01:14]}
19. Rxd3 {[%clk 01:05:59]} {[%emt 00:00:07]} a5 {[%clk 01:28:17]} {[%emt
00:01:05]} 20. Nc6 {[%clk 01:04:48]} {[%emt 00:01:40]} Rf7 {[%clk 01:27:55]}
{[%emt 00:00:52]} 21. a3 {[%clk 01:04:15]} {[%emt 00:01:03]} Ra6 {[%clk
01:25:05]} {[%emt 00:03:21]} 22. Nd4 {[%clk 01:01:42]} {[%emt 00:03:02]} bxa3
{[%clk 01:25:12]} {[%emt 00:00:23]} 23. bxa3 {[%clk 01:01:18]} {[%emt
00:00:55]} Rb6+ {[%clk 01:25:01]} {[%emt 00:00:40]} 24. Ka2 {[%clk 01:00:48]}
{[%emt 00:00:58]} d5 {[%clk 01:18:33]} {[%emt 00:07:00]} 25. exd5 {[%clk
00:58:53]} {[%emt 00:02:24]} exd5 {[%clk 01:18:37]} {[%emt 00:00:26]} 26. Re1
{[%clk 00:55:52]} {[%emt 00:03:31]} e5 {[%clk 01:16:49]} {[%emt 00:02:19]} 27.
Rb3 {[%clk 00:55:51]} {[%emt 00:00:31]} Rxb3 {[%clk 01:15:43]} {[%emt
00:01:36]} 28. Nxb3 {[%clk 00:56:12]} {[%emt 00:00:08]} a4 {[%clk 01:13:18]}
{[%emt 00:02:55]} 29. Nc5 {[%clk 00:55:21]} {[%emt 00:01:22]} Ra7 {[%clk
01:10:38]} {[%emt 00:03:09]} 30. Nd3 {[%clk 00:54:57]} {[%emt 00:00:54]} Re7
{[%clk 01:09:35]} {[%emt 00:01:32]} 31. Nb4 {[%clk 00:54:08]} {[%emt 00:01:20]}
d4 {[%clk 01:04:22]} {[%emt 00:05:44]} 32. Re4 {[%clk 00:50:36]} {[%emt
00:04:01]} Rc7 {[%clk 00:57:19]} {[%emt 00:07:33]} 33. Kb2 {[%clk 00:50:43]}
{[%emt 00:00:23]} Rc5 {[%clk 00:55:21]} {[%emt 00:02:29]} 34. Nd3 {[%clk
00:48:20]} {[%emt 00:02:53]} Rb5+ {[%clk 00:55:31]} {[%emt 00:00:20]} 35. Ka2
{[%clk 00:42:29]} {[%emt 00:06:21]} Kf7 {[%clk 00:50:08]} {[%emt 00:05:51]} 36.
f4 {[%clk 00:36:43]} {[%emt 00:06:17]} exf4 {[%clk 00:49:08]} {[%emt 00:01:29]}
37. Rxf4+ {[%clk 00:35:35]} {[%emt 00:01:38]} Ke6 {[%clk 00:48:33]} {[%emt
00:01:06]} 38. g4 {[%clk 00:33:18]} {[%emt 00:02:47]} h5 {[%clk 00:47:01]}
{[%emt 00:02:01]} 39. g5 {[%clk 00:28:42]} {[%emt 00:05:07]} Rf5 {[%clk
00:43:21]} {[%emt 00:04:11]} 40. Re4+ {[%clk 00:29:02]} {[%emt 00:00:09]} Kd6
{[%clk 00:42:20]} {[%emt 00:01:32]} 41. Nf4 {[%clk 00:28:47]} {[%emt 00:00:45]}
Rb5 {[%clk 00:41:44]} {[%emt 00:01:04]} 42. Re6+ {[%clk 00:28:40]} {[%emt
00:00:34]} Kd7 {[%clk 00:39:40]} {[%emt 00:02:39]} 43. Rxg6 {[%clk 00:27:22]}
{[%emt 00:01:47]} Be5 {[%clk 00:40:02]} {[%emt 00:00:08]} 44. Nd3 {[%clk
00:26:38]} {[%emt 00:01:15]} Bg3 {[%clk 00:39:56]} {[%emt 00:00:34]} 45. Rh6
{[%clk 00:25:53]} {[%emt 00:01:07]} Bxh4 {[%clk 00:40:20]} {[%emt 00:00:15]}
46. Rxh5 {[%clk 00:26:16]} {[%emt 00:00:07]} Bxg5 {[%clk 00:40:45]} {[%emt
00:00:05]} 47. Rh7+ {[%clk 00:25:52]} {[%emt 00:00:53]} Be7 {[%clk 00:40:49]}
{[%emt 00:00:27]} 48. Rh8 {[%clk 00:25:14]} {[%emt 00:00:59]} Ra5 {[%clk
00:40:16]} {[%emt 00:01:12]} 49. Nb4 {[%clk 00:24:08]} {[%emt 00:01:36]} Bf6
{[%clk 00:38:54]} {[%emt 00:01:50]} 50. Rh7+ {[%clk 00:23:04]} {[%emt
00:01:30]} Ke6 {[%clk 00:37:55]} {[%emt 00:01:35]} 51. Rc7 {[%clk 00:22:49]}
{[%emt 00:00:38]} Ke5 {[%clk 00:29:44]} {[%emt 00:08:47]} 52. Rc4 {[%clk
00:22:30]} {[%emt 00:00:50]} Kd6 {[%clk 00:28:46]} {[%emt 00:01:27]} 53. Nc6
{[%clk 00:21:03]} {[%emt 00:01:58]} Rc5 {[%clk 00:28:24]} {[%emt 00:00:52]} 54.
Rxc5 {[%clk 00:19:51]} {[%emt 00:01:43]} Kxc5 {[%clk 00:28:19]} {[%emt
00:00:35]} 55. Nb4 {[%clk 00:20:14]} {[%emt 00:00:07]} Kc4 {[%clk 00:28:26]}
{[%emt 00:00:23]} 56. Nd3 {[%clk 00:17:10]} {[%emt 00:03:32]} Kc3 {[%clk
00:28:26]} {[%emt 00:00:30]} 57. Kb1 {[%clk 00:17:13]} {[%emt 00:00:28]} Be7
{[%clk 00:28:14]} {[%emt 00:00:42]} 58. Nb2 {[%clk 00:17:39]} {[%emt 00:00:04]}
Bxa3 {[%clk 00:28:30]} {[%emt 00:00:14]} 59. Nxa4+ {[%clk 00:18:00]} {[%emt
00:00:09]} Kd2 {[%clk 00:28:30]} {[%emt 00:00:30]} 60. Nb6 {[%clk 00:17:13]}
{[%emt 00:01:15]} d3 {[%clk 00:27:09]} {[%emt 00:01:52]} 61. Nc4+ {[%clk
00:16:23]} {[%emt 00:01:19]} Kc3 {[%clk 00:27:18]} {[%emt 00:00:23]} 62. cxd3
{[%clk 00:16:25]} {[%emt 00:00:29]} Kxd3 {[%clk 00:27:41]} {[%emt 00:00:06]}
63. Nxa3 {[%emt 00:00:10]} 1/2-1/2

[Event "ODJM B 2024"]
[Site "Willingen GER"]
[Date "2024.05.25"]
[Round "9"]
[White "Fettig, Michel"]
[Black "Golke, Philipp"]
[Result "1-0"]
[Termination "normal"]
[Board "26"]
[WhiteElo "1680"]
[BlackElo "1709"]
[WhiteClock "00:29:25"]
[BlackClock "00:05:06"]
[PlyCount "85"]
[WhiteFideId "34608982"]
[BlackFideId "34625259"]
[EventCountry "GER"]
[EventRounds "9"]
[EventType "swiss"]
[EventDate "2024.05.18"]

1. c4 {[%clk 01:30:55]} {[%emt 00:00:04]} e5 {[%clk 01:30:55]} {[%emt
00:00:06]} 2. g3 {[%clk 01:31:05]} {[%emt 00:00:19]} Nc6 {[%clk 01:30:56]}
{[%emt 00:00:30]} 3. Bg2 {[%clk 01:31:22]} {[%emt 00:00:13]} Nge7 {[%clk
01:30:55]} {[%emt 00:00:31]} 4. Nc3 {[%clk 01:27:40]} {[%emt 00:04:12]} g6
{[%clk 01:30:40]} {[%emt 00:00:45]} 5. d3 {[%clk 01:26:48]} {[%emt 00:01:21]}
Bg7 {[%clk 01:30:51]} {[%emt 00:00:19]} 6. e3 {[%clk 01:26:22]} {[%emt
00:00:56]} O-O {[%clk 01:30:30]} {[%emt 00:00:52]} 7. Nge2 {[%clk 01:26:16]}
{[%emt 00:00:35]} f5 {[%clk 01:30:37]} {[%emt 00:00:23]} 8. O-O {[%clk
01:26:27]} {[%emt 00:00:19]} d6 {[%clk 01:30:42]} {[%emt 00:00:26]} 9. d4
{[%clk 01:26:31]} {[%emt 00:00:26]} Kh8 {[%clk 01:16:23]} {[%emt 00:14:49]} 10.
Rb1 {[%clk 01:20:10]} {[%emt 00:06:51]} Rb8 {[%clk 00:52:58]} {[%emt 00:23:55]}
11. b4 {[%clk 01:15:56]} {[%emt 00:04:43]} exd4 {[%clk 00:48:55]} {[%emt
00:04:34]} 12. exd4 {[%clk 01:15:58]} {[%emt 00:00:28]} Ng8 {[%clk 00:46:16]}
{[%emt 00:03:08]} 13. h4 {[%clk 01:06:53]} {[%emt 00:09:34]} Nf6 {[%clk
00:35:28]} {[%emt 00:11:20]} 14. Bg5 {[%clk 01:05:38]} {[%emt 00:01:44]} h6
{[%clk 00:34:26]} {[%emt 00:01:32]} 15. Be3 {[%clk 01:06:00]} {[%emt 00:00:08]}
Kh7 {[%clk 00:34:34]} {[%emt 00:00:23]} 16. Nf4 {[%clk 01:02:56]} {[%emt
00:03:33]} Re8 {[%clk 00:33:34]} {[%emt 00:01:30]} 17. Ncd5 {[%clk 00:59:34]}
{[%emt 00:03:51]} Nxd5 {[%clk 00:32:30]} {[%emt 00:01:35]} 18. Bxd5 {[%clk
00:59:29]} {[%emt 00:00:35]} Re7 {[%clk 00:31:33]} {[%emt 00:01:27]} 19. h5
{[%clk 00:57:46]} {[%emt 00:02:14]} g5 {[%clk 00:31:32]} {[%emt 00:00:31]} 20.
Ng6 {[%clk 00:58:08]} {[%emt 00:00:07]} Re8 {[%clk 00:30:11]} {[%emt 00:01:51]}
21. Qd3 {[%clk 00:57:46]} {[%emt 00:00:52]} Qf6 {[%clk 00:29:22]} {[%emt
00:01:19]} 22. Rfe1 {[%clk 00:48:04]} {[%emt 00:10:11]} Bd7 {[%clk 00:23:58]}
{[%emt 00:05:56]} 23. Red1 {[%clk 00:45:46]} {[%emt 00:02:47]} Ne7 {[%clk
00:23:28]} {[%emt 00:01:01]} 24. Nxe7 {[%clk 00:44:56]} {[%emt 00:01:19]} Rxe7
{[%clk 00:23:45]} {[%emt 00:00:12]} 25. Bf3 {[%clk 00:44:58]} {[%emt 00:00:28]}
Kh8 {[%clk 00:23:05]} {[%emt 00:01:11]} 26. Bc1 {[%clk 00:43:23]} {[%emt
00:02:05]} c6 {[%clk 00:22:22]} {[%emt 00:01:14]} 27. Bb2 {[%clk 00:43:35]}
{[%emt 00:00:18]} Qf7 {[%clk 00:22:10]} {[%emt 00:00:42]} 28. d5 {[%clk
00:43:35]} {[%emt 00:00:30]} Rd8 {[%clk 00:21:36]} {[%emt 00:01:03]} 29. Bxg7+
{[%clk 00:43:15]} {[%emt 00:00:50]} Kxg7 {[%clk 00:21:52]} {[%emt 00:00:15]}
30. Re1 {[%clk 00:43:01]} {[%emt 00:00:43]} Qf6 {[%clk 00:20:58]} {[%emt
00:01:24]} 31. Rxe7+ {[%clk 00:43:10]} Qxe7 {[%clk 00:21:18]} {[%emt 00:00:32]}
32. Qd4+ {[%clk 00:43:27]} {[%emt 00:00:13]} Kh7 {[%clk 00:20:41]} {[%emt
00:01:01]} 33. Qxa7 {[%clk 00:43:15]} {[%emt 00:00:48]} cxd5 {[%clk 00:20:46]}
{[%emt 00:00:24]} 34. Bxd5 {[%clk 00:43:15]} {[%emt 00:00:29]} Bc8 {[%clk
00:21:02]} {[%emt 00:00:15]} 35. Qb6 {[%clk 00:42:39]} {[%emt 00:01:05]} Rd7
{[%clk 00:20:12]} {[%emt 00:01:21]} 36. Qd4 {[%clk 00:40:45]} {[%emt 00:02:24]}
g4 {[%clk 00:15:19]} {[%emt 00:05:23]} 37. Qf4 {[%clk 00:36:54]} {[%emt
00:04:21]} Qg5 {[%clk 00:14:39]} {[%emt 00:01:10]} 38. Qd4 {[%clk 00:31:03]}
{[%emt 00:06:21]} Re7 {[%clk 00:12:30]} {[%emt 00:02:39]} 39. c5 {[%clk
00:28:38]} {[%emt 00:02:55]} Qxh5 {[%clk 00:08:15]} {[%emt 00:04:45]} 40. cxd6
{[%clk 00:28:49]} {[%emt 00:00:19]} Re2 {[%clk 00:07:15]} {[%emt 00:01:31]} 41.
Bg8+ {[%clk 00:28:34]} {[%emt 00:00:44]} Kxg8 {[%clk 00:04:57]} {[%emt
00:02:47]} 42. Qc4+ {[%clk 00:29:03]} {[%emt 00:00:02]} Re6 {[%clk 00:05:06]}
{[%emt 00:00:21]} 43. Qxc8+ {[%clk 00:29:25]} {[%emt 00:00:08]} 1-0

[Event "ODJM B 2024"]
[Site "Willingen GER"]
[Date "2024.05.25"]
[Round "9"]
[White "Frank, Carolin"]
[Black "Haidekker, Kilian"]
[Result "1/2-1/2"]
[Termination "normal"]
[Board "27"]
[WhiteElo "1766"]
[BlackElo "1690"]
[WhiteClock "00:06:03"]
[BlackClock "00:15:12"]
[PlyCount "62"]
[WhiteFideId "16207190"]
[BlackFideId "34621741"]
[EventCountry "GER"]
[EventRounds "9"]
[EventType "swiss"]
[EventDate "2024.05.18"]

1. Nf3 {[%clk 01:30:57]} {[%emt 00:00:02]} d5 {[%clk 01:30:53]} {[%emt
00:00:08]} 2. g3 {[%clk 01:31:18]} {[%emt 00:00:08]} Nf6 {[%clk 01:31:07]}
{[%emt 00:00:16]} 3. Bg2 {[%clk 01:31:36]} {[%emt 00:00:12]} g6 {[%clk
01:31:20]} {[%emt 00:00:17]} 4. b3 {[%clk 01:30:54]} {[%emt 00:01:12]} Bg7
{[%clk 01:31:28]} {[%emt 00:00:23]} 5. Bb2 {[%clk 01:31:15]} {[%emt 00:00:08]}
O-O {[%clk 01:31:32]} {[%emt 00:00:26]} 6. O-O {[%clk 01:31:14]} {[%emt
00:00:31]} Bf5 {[%clk 01:25:46]} {[%emt 00:06:16]} 7. c4 {[%clk 01:22:59]}
{[%emt 00:08:46]} c6 {[%clk 01:23:30]} {[%emt 00:02:46]} 8. d3 {[%clk
01:16:56]} {[%emt 00:06:32]} dxc4 {[%clk 01:17:50]} {[%emt 00:06:10]} 9. bxc4
{[%clk 01:15:17]} {[%emt 00:02:09]} Qc8 {[%clk 01:04:58]} {[%emt 00:13:22]} 10.
Qb3 {[%clk 01:10:28]} {[%emt 00:05:19]} Na6 {[%clk 01:03:00]} {[%emt 00:02:29]}
11. Nd4 {[%clk 01:01:31]} {[%emt 00:09:26]} Bd7 {[%clk 01:00:57]} {[%emt
00:02:33]} 12. Qa3 {[%clk 00:59:41]} {[%emt 00:02:20]} Bh3 {[%clk 00:50:45]}
{[%emt 00:10:43]} 13. Nd2 {[%clk 00:50:06]} {[%emt 00:10:03]} Bxg2 {[%clk
00:51:04]} {[%emt 00:00:12]} 14. Kxg2 {[%clk 00:50:27]} {[%emt 00:00:09]} c5
{[%clk 00:49:39]} {[%emt 00:01:55]} 15. N4f3 {[%clk 00:43:32]} {[%emt
00:07:25]} Re8 {[%clk 00:45:07]} {[%emt 00:05:03]} 16. Rab1 {[%clk 00:42:07]}
{[%emt 00:01:54]} b6 {[%clk 00:45:06]} {[%emt 00:00:32]} 17. Qa4 {[%clk
00:39:09]} {[%emt 00:03:26]} Nc7 {[%clk 00:42:00]} {[%emt 00:03:37]} 18. Qc6
{[%clk 00:34:41]} {[%emt 00:04:57]} Qd7 {[%clk 00:37:33]} {[%emt 00:04:58]} 19.
Qxd7 {[%clk 00:32:33]} {[%emt 00:02:38]} Nxd7 {[%clk 00:37:59]} {[%emt
00:00:04]} 20. Bxg7 {[%clk 00:32:04]} {[%emt 00:00:59]} Kxg7 {[%clk 00:38:23]}
{[%emt 00:00:06]} 21. a4 {[%clk 00:31:27]} {[%emt 00:01:07]} Na6 {[%clk
00:35:36]} {[%emt 00:03:17]} 22. Ne4 {[%clk 00:25:33]} {[%emt 00:06:24]} Nb4
{[%clk 00:32:28]} {[%emt 00:03:39]} 23. d4 {[%clk 00:21:38]} {[%emt 00:04:24]}
Rab8 {[%clk 00:29:12]} {[%emt 00:03:47]} 24. d5 {[%clk 00:16:40]} {[%emt
00:05:27]} a6 {[%clk 00:28:31]} {[%emt 00:01:11]} 25. Rfd1 {[%clk 00:14:56]}
{[%emt 00:02:13]} Nf6 {[%clk 00:27:11]} {[%emt 00:01:51]} 26. Nc3 {[%clk
00:14:49]} {[%emt 00:00:38]} Red8 {[%clk 00:26:44]} {[%emt 00:00:56]} 27. Ne5
{[%clk 00:13:53]} {[%emt 00:01:25]} Ne8 {[%clk 00:24:56]} {[%emt 00:02:19]} 28.
Ng4 {[%clk 00:09:17]} {[%emt 00:05:06]} Nd6 {[%clk 00:24:37]} {[%emt 00:00:49]}
29. Ne3 {[%clk 00:09:33]} {[%emt 00:00:13]} Rd7 {[%clk 00:18:57]} {[%emt
00:06:11]} 30. Rdc1 {[%clk 00:07:25]} {[%emt 00:02:36]} Rdb7 {[%clk 00:17:32]}
{[%emt 00:01:57]} 31. Ncd1 {[%clk 00:06:03]} {[%emt 00:01:52]} Na2 {[%clk
00:15:12]} {[%emt 00:02:51]} 1/2-1/2

[Event "ODJM B 2024"]
[Site "Willingen GER"]
[Date "2024.05.25"]
[Round "9"]
[White "Li, Joshua"]
[Black "Wilmink, Luca"]
[Result "1/2-1/2"]
[Termination "normal"]
[Board "28"]
[WhiteElo "1601"]
[BlackElo "1737"]
[WhiteClock "00:02:58"]
[BlackClock "00:24:46"]
[PlyCount "78"]
[WhiteFideId "34623639"]
[BlackFideId "16245253"]
[EventCountry "GER"]
[EventRounds "9"]
[EventType "swiss"]
[EventDate "2024.05.18"]

1. e4 {[%clk 01:30:59]} {[%emt 00:56:09]} c5 {[%clk 01:30:51]} {[%emt
00:00:09]} 2. Nf3 {[%clk 01:31:25]} {[%emt 00:00:05]} Nc6 {[%clk 01:30:16]}
{[%emt 00:01:06]} 3. d4 {[%clk 01:31:49]} {[%emt 00:00:05]} cxd4 {[%clk
01:30:01]} {[%emt 00:00:45]} 4. Nxd4 {[%clk 01:32:09]} {[%emt 00:00:09]} Nf6
{[%clk 01:29:56]} {[%emt 00:00:36]} 5. Nc3 {[%clk 01:32:12]} {[%emt 00:00:27]}
g6 {[%clk 01:29:59]} {[%emt 00:00:27]} 6. Nxc6 {[%clk 01:32:38]} {[%emt
00:00:05]} bxc6 {[%clk 01:30:02]} {[%emt 00:00:27]} 7. e5 {[%clk 01:33:01]}
{[%emt 00:00:06]} Ng8 {[%clk 01:27:31]} {[%emt 00:03:01]} 8. Bc4 {[%clk
01:32:49]} {[%emt 00:00:42]} Bg7 {[%clk 01:27:15]} {[%emt 00:00:46]} 9. Qf3
{[%clk 01:33:10]} {[%emt 00:00:10]} f5 {[%clk 01:22:30]} {[%emt 00:05:14]} 10.
Bf4 {[%clk 01:23:13]} {[%emt 00:10:27]} e6 {[%clk 01:21:49]} {[%emt 00:01:10]}
11. Rd1 {[%clk 01:19:35]} {[%emt 00:04:09]} Qc7 {[%clk 01:19:00]} {[%emt
00:03:18]} 12. O-O {[%clk 01:05:23]} {[%emt 00:14:43]} Ne7 {[%clk 01:14:10]}
{[%emt 00:05:20]} 13. Rfe1 {[%clk 01:01:18]} {[%emt 00:04:35]} O-O {[%clk
01:10:56]} {[%emt 00:03:44]} 14. Rd3 {[%clk 00:57:54]} {[%emt 00:03:54]} Rb8
{[%clk 01:09:57]} {[%emt 00:01:29]} 15. Bb3 {[%clk 00:57:43]} {[%emt 00:00:41]}
Bb7 {[%clk 01:05:35]} {[%emt 00:04:51]} 16. Qd1 {[%clk 00:56:26]} {[%emt
00:01:48]} Nd5 {[%clk 01:05:13]} {[%emt 00:00:52]} 17. Nxd5 {[%clk 00:55:46]}
{[%emt 00:01:10]} cxd5 {[%clk 01:05:35]} {[%emt 00:00:08]} 18. Qd2 {[%clk
00:55:40]} {[%emt 00:00:36]} Rfe8 {[%clk 01:01:21]} {[%emt 00:04:43]} 19. Rc3
{[%clk 00:53:37]} {[%emt 00:02:33]} Qa5 {[%clk 00:59:11]} {[%emt 00:02:39]} 20.
Bh6 {[%clk 00:51:40]} {[%emt 00:02:29]} Bxh6 {[%clk 00:57:51]} {[%emt
00:01:49]} 21. f4 {[%clk 00:42:40]} {[%emt 00:09:31]} Bf8 {[%clk 00:57:35]}
{[%emt 00:00:47]} 22. a3 {[%clk 00:42:47]} {[%emt 00:00:23]} Ba6 {[%clk
00:55:56]} {[%emt 00:02:07]} 23. Qf2 {[%clk 00:41:59]} {[%emt 00:01:18]} Bxa3
{[%clk 00:54:43]} {[%emt 00:01:43]} 24. Ra1 {[%clk 00:39:58]} {[%emt 00:02:32]}
d4 {[%clk 00:47:40]} {[%emt 00:07:33]} 25. Rg3 {[%clk 00:37:39]} {[%emt
00:02:49]} Rec8 {[%clk 00:43:08]} {[%emt 00:05:03]} 26. Rxa3 {[%clk 00:34:48]}
{[%emt 00:03:20]} Qb6 {[%clk 00:42:49]} {[%emt 00:00:49]} 27. Rh3 {[%clk
00:30:40]} {[%emt 00:04:38]} Qb5 {[%clk 00:37:38]} {[%emt 00:05:38]} 28. Ra1
{[%clk 00:25:37]} {[%emt 00:05:36]} Rf8 {[%clk 00:27:54]} {[%emt 00:10:14]} 29.
Qxd4 {[%clk 00:21:14]} {[%emt 00:04:52]} Qb6 {[%clk 00:27:49]} {[%emt
00:00:35]} 30. Qxb6 {[%clk 00:20:19]} {[%emt 00:01:26]} Rxb6 {[%clk 00:28:17]}
{[%emt 00:00:01]} 31. Rc3 {[%clk 00:20:31]} {[%emt 00:00:19]} d5 {[%clk
00:26:19]} {[%emt 00:02:27]} 32. exd6 {[%clk 00:17:57]} {[%emt 00:03:05]} Rxd6
{[%clk 00:26:44]} {[%emt 00:00:05]} 33. Bc4 {[%clk 00:15:13]} {[%emt 00:03:14]}
Bxc4 {[%clk 00:26:54]} {[%emt 00:00:20]} 34. Rxc4 {[%clk 00:14:58]} {[%emt
00:00:45]} Rf7 {[%clk 00:26:26]} {[%emt 00:00:58]} 35. Rca4 {[%clk 00:11:54]}
{[%emt 00:03:34]} Rdd7 {[%clk 00:26:50]} {[%emt 00:00:06]} 36. Ra6 {[%clk
00:11:53]} {[%emt 00:00:31]} Rfe7 {[%clk 00:27:14]} {[%emt 00:00:06]} 37. c4
{[%clk 00:10:31]} {[%emt 00:01:52]} Rb7 {[%clk 00:25:38]} {[%emt 00:02:05]} 38.
R1a2 {[%clk 00:03:19]} {[%emt 00:07:42]} Kf7 {[%clk 00:25:37]} {[%emt
00:00:31]} 39. c5 {[%clk 00:02:58]} {[%emt 00:00:52]} Rbc7 {[%clk 00:24:46]}
{[%emt 00:01:20]} 1/2-1/2

[Event "ODJM B 2024"]
[Site "Willingen GER"]
[Date "2024.05.25"]
[Round "9"]
[White "Tabales, Lennart"]
[Black "Ensslen, Jakob"]
[Result "0-1"]
[Termination "normal"]
[Board "29"]
[WhiteElo "1587"]
[BlackElo "1740"]
[WhiteClock "00:11:25"]
[BlackClock "00:19:14"]
[PlyCount "44"]
[WhiteFideId "34604057"]
[BlackFideId "34640258"]
[EventCountry "GER"]
[EventRounds "9"]
[EventType "swiss"]
[EventDate "2024.05.18"]

1. e4 {[%clk 01:30:58]} {[%emt 00:00:02]} e5 {[%clk 01:30:54]} {[%emt
00:00:06]} 2. f4 {[%clk 01:31:22]} {[%emt 00:00:06]} exf4 {[%clk 01:31:19]}
{[%emt 00:00:05]} 3. Nf3 {[%clk 01:31:49]} {[%emt 00:00:04]} g5 {[%clk
01:31:25]} {[%emt 00:00:24]} 4. h4 {[%clk 01:32:14]} {[%emt 00:00:05]} g4
{[%clk 01:31:47]} {[%emt 00:00:08]} 5. Ne5 {[%clk 01:32:37]} {[%emt 00:00:06]}
d6 {[%clk 01:31:54]} {[%emt 00:00:24]} 6. Nxg4 {[%clk 01:32:30]} {[%emt
00:00:37]} Be7 {[%clk 01:31:32]} {[%emt 00:00:51]} 7. Bc4 {[%clk 01:25:36]}
{[%emt 00:07:25]} Bxh4+ {[%clk 01:29:41]} {[%emt 00:02:21]} 8. Kf1 {[%clk
01:25:55]} {[%emt 00:00:10]} Qg5 {[%clk 01:21:49]} {[%emt 00:08:22]} 9. Nf2
{[%clk 01:04:34]} {[%emt 00:21:48]} Nf6 {[%clk 01:13:50]} {[%emt 00:08:32]} 10.
Nc3 {[%clk 00:55:58]} {[%emt 00:09:06]} Bxf2 {[%clk 01:05:20]} {[%emt
00:09:00]} 11. e5 {[%clk 00:37:53]} {[%emt 00:18:35]} dxe5 {[%clk 00:45:39]}
{[%emt 00:20:11]} 12. Kxf2 {[%clk 00:37:24]} {[%emt 00:00:59]} Nc6 {[%clk
00:41:15]} {[%emt 00:04:54]} 13. Bb5 {[%clk 00:35:17]} {[%emt 00:02:37]} Bd7
{[%clk 00:39:53]} {[%emt 00:01:52]} 14. d3 {[%clk 00:28:40]} {[%emt 00:07:07]}
O-O-O {[%clk 00:38:23]} {[%emt 00:02:00]} 15. a4 {[%clk 00:23:05]} {[%emt
00:06:05]} Rhg8 {[%clk 00:35:44]} {[%emt 00:03:10]} 16. Rg1 {[%clk 00:21:51]}
{[%emt 00:01:43]} Qg3+ {[%clk 00:31:01]} {[%emt 00:05:12]} 17. Kf1 {[%clk
00:22:00]} {[%emt 00:00:21]} Nd4 {[%clk 00:28:01]} {[%emt 00:03:31]} 18. Bxd7+
{[%clk 00:21:05]} {[%emt 00:01:26]} Rxd7 {[%clk 00:27:29]} {[%emt 00:01:01]}
19. Ne2 {[%clk 00:20:51]} {[%emt 00:00:44]} Nxe2 {[%clk 00:24:53]} {[%emt
00:03:06]} 20. Qxe2 {[%clk 00:18:48]} {[%emt 00:02:34]} Ng4 {[%clk 00:23:16]}
{[%emt 00:02:06]} 21. Qe1 {[%clk 00:13:01]} {[%emt 00:06:17]} Nh2+ {[%clk
00:19:31]} {[%emt 00:04:15]} 22. Ke2 {[%clk 00:11:25]} {[%emt 00:02:05]} Qxe1+
{[%clk 00:19:14]} {[%emt 00:00:47]} 0-1